<?xml version="1.0" encoding="UTF-8"?>
<marc:record xmlns:marc="http://www.loc.gov/MARC21/slim">
   <marc:leader>00000nam a2200000 a 4500</marc:leader>
   <marc:datafield ind1="1" ind2=" " tag="100">
      <marc:subfield code="a">Jeter, Michael</marc:subfield>
   </marc:datafield>
   <marc:datafield ind1="1" ind2=" " tag="100">
      <marc:subfield code="a">Bridges, Jeff</marc:subfield>
   </marc:datafield>
   <marc:datafield ind1="1" ind2=" " tag="100">
      <marc:subfield code="a">Williams, Robin</marc:subfield>
   </marc:datafield>
   <marc:datafield ind1="1" ind2=" " tag="100">
      <marc:subfield code="a">Gilliam, Terry</marc:subfield>
   </marc:datafield>
   <marc:datafield ind1="0" ind2="0" tag="245">
      <marc:subfield code="a">König der Fischer [Bildtonträger]</marc:subfield>
   </marc:datafield>
   <marc:datafield ind1="0" ind2="0" tag="245">
      <marc:subfield code="c">Regie: Terry Gilliam. Mit Robin Williams, Jeff Bridges, Michael Jeter ...</marc:subfield>
   </marc:datafield>
   <marc:datafield ind1=" " ind2="1" tag="264">
      <marc:subfield code="b">Sony Pictures</marc:subfield>
      <marc:subfield code="c">2020</marc:subfield>
   </marc:datafield>
   <marc:datafield ind1="1" ind2=" " tag="520">
      <marc:subfield code="a">Diesmal ist Radio-DJ Jack Lucas zu weit gegangen. Mit zynischen Sprüchen hat er einen blutigen Amoklauf ausgelöst. Nach seinem Rauswurf aus dem Sender begegnet Jack dem Penner Parry. Der verlor durch die Tragödie Frau und Verstand. Seitdem sucht er nach dem heiligen Gral. Mitten in Manhattan. Von Schuld getrieben, taucht Jack ein in Parrys Welt. Und ist hingerissen.</marc:subfield>
   </marc:datafield>
   <marc:datafield ind1=" " ind2=" " tag="020">
      <marc:subfield code="a">4030521124905</marc:subfield>
      <marc:subfield code="9">4030521124905</marc:subfield>
   </marc:datafield>
   <marc:datafield ind1=" " ind2=" " tag="500">
      <marc:subfield code="a">Orig. : USA 1991. Sprache: Deutsch (Dolby Surround), Englisch (Dolby Surround), Französisch (Dolby Surround), Italienisch (Dolby Surround), Spanisch (Dolby Surround), Ungarisch (Dolby Surround), Russisch (Dolby Surround). Untertitel: Deutsch, Englisch, Fr</marc:subfield>
   </marc:datafield>
   <marc:datafield ind1="0" ind2=" " tag="490">
      <marc:subfield code="v">0</marc:subfield>
   </marc:datafield>
   <marc:datafield ind1=" " ind2=" " tag="300">
      <marc:subfield code="a">1 DVD (132 Min.) : farbig</marc:subfield>
   </marc:datafield>
</marc:record>
